Design liability (Record no. 84857)

MARC details
000 -LEADER
fixed length control field 01657cab a22003135a 4500
001 - CONTROL NUMBER
control field L159270
008 - FIXED-LENGTH DATA ELEMENTS--GENERAL INFORMATION
fixed length control field 110718s2016 xxk f g 000 0 eng d
035 ## - SYSTEM CONTROL NUMBER
System control number (Sirsi) u159270
041 0# - LANGUAGE CODE
Language code of text/sound track or separate title eng
100 1# - MAIN ENTRY--PERSONAL NAME
Personal name Lupton, Sarah
245 00 - TITLE STATEMENT
Title Design liability
Remainder of title Problems with defining extent and level
260 ## - PUBLICATION, DISTRIBUTION, ETC.
Date of publication, distribution, etc. 2016
490 ## - SERIES STATEMENT
Series statement International Construction Law Review
Volume/sequential designation 33 (2) April 2016, 96-110(15)
520 ## - SUMMARY, ETC.
Summary, etc. Focuses on the important and still controversial question of the extent of a Design and Build Contractor's design obligation where following the design produces an inadequate outcome. Explores cases where the extent or level has not been clearly set out, sometimes with unexpected results. The projects covered are of varied scale, but all involve some allocation of design responsibility to the contractor and provide useful lessons for those involved in drafting tender packages.
650 24 - SUBJECT ADDED ENTRY--TOPICAL TERM
Topical term or geographic name entry element DESIGN LIABILITY
650 24 - SUBJECT ADDED ENTRY--TOPICAL TERM
Topical term or geographic name entry element CONTRACTORS DESIGN
650 24 - SUBJECT ADDED ENTRY--TOPICAL TERM
Topical term or geographic name entry element Walter Lilly & Company Ltd v Mackay & Anor
650 24 - SUBJECT ADDED ENTRY--TOPICAL TERM
Topical term or geographic name entry element NATIONAL MUSEUMS AND GALLERIES ON MERSEYSIDE V AEW ARCHITECTS AND DESIGNERS LTD
650 24 - SUBJECT ADDED ENTRY--TOPICAL TERM
Topical term or geographic name entry element ILIFFE V FELTHAM CONSTRUCTION LTD
650 24 - SUBJECT ADDED ENTRY--TOPICAL TERM
Topical term or geographic name entry element TREBOR BASSETT HOLDINGS LTD V ADT FIRE AND SECURITY
650 24 - SUBJECT ADDED ENTRY--TOPICAL TERM
Topical term or geographic name entry element COSTAIN LTD V CHARLES HASWELL & PARTNERS LTD
650 24 - SUBJECT ADDED ENTRY--TOPICAL TERM
Topical term or geographic name entry element MT HOJGAARD A/S V E.ON CLIMATE AND RENEWABLES UK ROBIN RIGG EAST LTD
650 24 - SUBJECT ADDED ENTRY--TOPICAL TERM
Topical term or geographic name entry element GREATER VANCOUVER WATER DISTRICT V NORTH AMERICAN PIPE AND STEEL LTD
650 24 - SUBJECT ADDED ENTRY--TOPICAL TERM
Topical term or geographic name entry element MW HIGH TECH PROJECTS UK LTD V HAASE ENVIRONMENTAL CONSULTING GMBH
651 #4 - SUBJECT ADDED ENTRY--GEOGRAPHIC NAME
Geographic name International
690 ## - LOCAL SUBJECT ADDED ENTRY--TOPICAL TERM (OCLC, RLIN)
Topical term or geographic name as entry element Contracts
9 (RLIN) 6232
690 ## - LOCAL SUBJECT ADDED ENTRY--TOPICAL TERM (OCLC, RLIN)
Topical term or geographic name as entry element Procurement
9 (RLIN) 6260
942 ## - ADDED ENTRY ELEMENTS (KOHA)
Suppress in OPAC 0
Holdings
Withdrawn status Lost status Source of classification or shelving scheme Damaged status Not for loan Home library Current library Shelving location Date acquired Total Checkouts Full call number Barcode Date last seen Copy number Price effective from Koha item type
    Dewey Decimal Classification     London London Journal article 21/04/2016   L159270 159270-1001 06/08/2019 1 06/08/2019 Journal article